000 00681nam a22002297a 4500
003 LK-CoMWRAF
005 20231213131021.0
008 231213b2009 |||||||| |||| 00| 0 eng d
020 _a9789832622284
040 _aLK-CoMWRAF
_dLK-CoMWRAF
_eLK-CoMWRAF
041 _aeng
082 _a297.577
_bSIS
110 _aSisters in Islam
245 _aAre Muslim men allowed to beat their wives?
260 _aSelangor:
_bSisters in islam,
_c2009
300 _a35 p. ; 22 cm
_bBibliography included
650 _aDomestic relations (Islamic law)
650 _aMarriage (Islamic law) |
650 _aMarriage- Religious aspects- Islam
700 _aMasidi, Yasmin
942 _cBK
999 _c4407
_d4407